000 00502nam a22001697a 4500
020 _a9785190115291
082 _a891.914
_bABA
100 _aKunanbayev, Abai.
245 _aAbai: (Poems. Epics. Book of Words)
260 _aMoscow
_bMoscow University Press
_c2020.
300 _a511p
504 _aText in Russian.
563 _acomprehensive Russian translation of Abai’s most essential works:
650 _aPoetry
_929982
650 _aKazakh literature.
_9134092
942 _2ddc
_cBK
999 _c617023
_d617023